| 000 | 01327nam a2200325Ia 4500 | ||
|---|---|---|---|
| 001 | ebr10300903 | ||
| 003 | CaPaEBR | ||
| 006 | m u | ||
| 007 | cr cn||||||||| | ||
| 008 | 080626s2009 enka sb 001 0 eng d | ||
| 010 | _z 2008028047 | ||
| 020 | _z9781405161794 (hardcover : alk. paper) | ||
| 020 | _z1405161795 (hardcover : alk. paper) | ||
| 040 |
_aCaPaEBR _cCaPaEBR |
||
| 035 | _a(OCoLC)361603830 | ||
| 050 | 1 | 4 |
_aLB2331 _b.G797 2009eb |
| 100 | 1 | _aGurung, Regan A. R. | |
| 245 | 1 | 0 |
_aOptimizing teaching and learning _h[electronic resource] : _bpracticing pedagogical research / _cRegan A. R. Gurung and Beth M. Schwartz. |
| 260 |
_aChichester, U.K. ; _aMalden, MA : _bWiley-Blackwell, _c2009. |
||
| 300 |
_axiv, 232 p. : _bill. |
||
| 504 | _aIncludes bibliographical references (p. [207]-221) and index. | ||
| 533 |
_aElectronic reproduction. _bPalo Alto, Calif. : _cebrary, _d2009. _nAvailable via World Wide Web. _nAccess may be limited to ebrary affiliated libraries. |
||
| 650 | 0 | _aCollege teaching. | |
| 650 | 0 | _aReflective teaching. | |
| 650 | 0 | _aLearning. | |
| 655 | 7 |
_aElectronic books. _2local |
|
| 700 | 1 | _aSchwartz, Beth M. | |
| 710 | 2 | _aebrary, Inc. | |
| 856 | 4 | 0 |
_uhttp://site.ebrary.com/lib/rucke/Doc?id=10300903 _zAn electronic book accessible through the World Wide Web; click to view |
| 999 |
_c66495 _d66495 |
||